01430cam a2200289 a 450000100060000000300080000600500170001400800410003103500190007204000370009104100080012808200240013611000980016024503940025826000400065230000360069249000750072850000790080350400360088265000180091870000180093670000300095470000310098470000250101570000260104083000740106631682BD-RjUL20211209051732.0140327s1963 enkabf 001 0 eng d a(BD-RjUL)31770 aYMMcYMMdTQGdUKMdBD-RjULbeng aeng00a909bINH V-2 Pt.1  aInternational Commission for a History of the Scientific and Cultural Development of Mankind.10aHistory of Mankind :bCultural and Scientific Development /cby International Commission for a History of the Scientific and Cultural Development of Mankind ; Luigi Pareti ; Assisted by Paolo Brezzi and Luciano Petech ; translated from the Italian by Guy E.F. Chilver and Sylvia Chilver.nVolume II :pThe Ancient World, 1200 BC to AD 500.nPart One :pfrom about 1200 BC to about 500 BC. aLondon :bAllen and Unwin,cc1965 . axxxiv, 313 p. :bill. ;c25 cm.1 aHistory of mankind; cultural and scientific development ;vV-2, Part 1 a"prepared under the auspices and with Financial Assistance of the UNESCO"  aIncludes Bibliographical notes. 0aWorld History1 aPareti, Luigi1 aBrezzi, Paolo , Jt. auth.1 aPetech, Liciano, Jt. auth.1 aChilver, E. F. , tr.1 aChilver, Sylvia , tr. 0aHistory of mankind; cultural and scientific development ; V-2, Part 1